• 首页
  • 本馆介绍
  • 公告通知
  • 最新文献
  • 馆藏检索
  • 电子资源
  • 读者导购
  • 参考咨询
  • 我的图书馆
  • 登录
  • 详细信息显示
  • 放入我的书架
  • 预约/预借图书
  • 作者相关作品
  • 分类相关作品
  • 丛书相关作品
  • 出版社相关作品

书目信息

  • 表格格式
  • 工作单格式
  • 卡片格式
题名:
会计与控制评论
    
 
作者: 中国内部控制研究中心 主编
分册:  
出版信息: 大连   东北财经大学出版社  2019.9
页数: 169页
开本: 26cm
丛书名:
单 册:
中图分类: F233-53 , F272-53
科图分类:
主题词: 会计制度--hui ji zhi du--文集 , 企业内部管理--qi ye nei bu guan li--文集
电子资源:
ISBN: 978-7-5654-3684-0
000 01024nam0 2200253 450
001 2161476077
005 20210930094300.0
010    @a978-7-5654-3684-0@dCNY45.00
100    @a20190918d2019 em y0chiy0110 ea
101 0  @achi
102    @aCN@b210000
105    @ay z 000yy
106    @ar
200 1  @a会计与控制评论@Ahui ji yu kong zhi ping lun@f中国内部控制研究中心主编
210    @a大连@c东北财经大学出版社@d2019.9
215    @a169页@d26cm
330    @a书稿来自会计学相关领域的专家学者,研究学科热点问题。本书为论文集,内容涉及国内外内部控制理论与实践的特殊问题,包括基本理论、内部控制评价、内部控制审计、非营利组织内部控制、小企业内部控制等。本辑主要刊发内部控制、会计、财务等研究领域的高质量论文。
606 0  @a会计制度@Ahui ji zhi du@j文集
606 0  @a企业内部管理@Aqi ye nei bu guan li@j文集
690    @aF233-53@v5
690    @aF272-53@v5
701  0 @a中国内部控制研究中心@Azhong guo nei bu kong zhi yan jiu zhong xin@4主编
801  0 @aCN@b百万庄@c20210929
905    @b1303098-3101@dF233-53@e683@f4
    
    会计与控制评论/中国内部控制研究中心主编.-大连:东北财经大学出版社,2019.9
    169页;26cm
    
    
    ISBN 978-7-5654-3684-0:CNY45.00
    书稿来自会计学相关领域的专家学者,研究学科热点问题。本书为论文集,内容涉及国内外内部控制理论与实践的特殊问题,包括基本理论、内部控制评价、内部控制审计、非营利组织内部控制、小企业内部控制等。本辑主要刊发内部控制、会计、财务等研究领域的高质量论文。
●
相关链接 在E读中查询图书 在五车中查询图书 在当当中查询图书 在豆瓣中查询图书


正题名:会计与控制评论     索取号:F233-53/683         预约/预借

序号 登录号 条形码 馆藏地/架位号 状态 备注
1 1303098   213030986   第一样本阅览室/ [索取号:F233-53/683] 在馆    
2 1303099   213030995   第一借阅区/ [索取号:F233-53/683] 在馆    
3 1303100   213031002   第一借阅区/ [索取号:F233-53/683] 在馆    
4 1303101   213031011   第一借阅区/ [索取号:F233-53/683] 在馆    
唐山师范学院图书馆 欢迎您!
大连网信软件有限公司© 版权所有